The revolution : Talks on Kabir (Record no. 23643)

MARC details
000 -LEADER
fixed length control field 00562cam a2200181 a 4500
020 ## - INTERNATIONAL STANDARD BOOK NUMBER
ISBN 8172248598
020 ## - INTERNATIONAL STANDARD BOOK NUMBER
ISBN 9788172248598
082 ## - DEWEY DECIMAL CLASSIFICATION NUMBER
Classification number 291.4
Author Cutter OSH
100 0# - MAIN ENTRY--AUTHOR NAME
Author name Osho,
245 14 - TITLE STATEMENT
Title The revolution : Talks on Kabir
260 ## - PUBLICATION, DISTRIBUTION, ETC. (IMPRINT)
Place of publication Mumbai :
Name of publisher Jaico Pub. House,
Year of publication 2004, c2003.
300 ## - PHYSICAL DESCRIPTION
Number of Pages 323 p. ;
500 ## - GENERAL NOTE
General note Reprint. Originally published: Poona : Rajneesh Foundation, 1979.
520 ## - SUMMARY, ETC.
Summary, etc Discourses on spiritual life with reference to philosophy of Kabir, 15th century, Hindu mystic poet.
650 #0 - SUBJECT ADDED ENTRY--TOPICAL TERM
Topical Term Spiritual life.
942 ## - ADDED ENTRY ELEMENTS (KOHA)
Koha item type Books
Holdings
Home library Current library Shelving location Date acquired Source of acquisition Cost, normal purchase price Full call number Accession Number Koha item type
Henry Martyn Institute Library Henry Martyn Institute Library General stacks 10/22/2025 Director 160.00 291.4 OSH 24490 Books
                   Copyright © 2026 | Henry Martyn Institute | Hyderabad | TS-500052 | INDIA | Implemented by hmi.edu.in
Hit-Count:

Powered by Koha